000 00286nam a22001337a 4500
008 170628b xxu||||| |||| 00| 0 eng d
020 _a9780814109069
041 _aeng
080 _a82
100 _a22
101 _aGJL
245 _aCREATIVE READING
_cPADGETT.R
942 _2udc
_cBK
999 _c19438
_d19438